| 000 | 00394nam a22001697a 4500 | ||
|---|---|---|---|
| 003 | CEME | ||
| 005 | 20210628203608.0 | ||
| 008 | 210203b xxu||||| |||| 00| 0 eng d | ||
| 020 | _a969-35-0789-4 | ||
| 040 | _c. | ||
| 082 | _a891.4393 ASH | ||
| 245 | _aSubhanay fasanay | ||
| 260 |
_aLAHORE _bSANG-E-MEEL _c2002 |
||
| 300 | _a279P | ||
| 650 |
_aURDU ADAB-AFSANEY _966430 |
||
| 942 |
_cBK _2ddc |
||
| 999 |
_c574426 _d574426 |
||